000
00313nam a2200145Ia 4500
100
_a
DUNCAN/ RAY
942
_c
BK
654
_a
MSDOS programming
245
_a
Advanced MSDOS programming
260
_b
Microsoft Press
_a
USA
_c
1988
082
_a
1.6425
_b
DUN
300
_a
669
546
_a
ENGLISH
999
_c
33501
_d
33501